Animals by Picture - L - Statistics

General Stats
  • This quiz has been taken 79 times
  • The average score is 8 of 16
Answer Stats
Picture Answer % Correct
Lion
100%
Lemur
82%
Leopard
78%
Lobster
72%
Lynx
72%
Lionfish
69%
Locust
60%
Lovebird
54%
Leatherback Sea Turtle
48%
Loon
45%
Lemming
30%
Lungfish
19%
Loris
16%
Langur
15%
Lapwing
9%
Lechwe
7%
No matching quizzes found
Score Distribution
Percent of People with Each Score
Percentile by Number Answered
Your Score History
You have not taken this quiz